000 00896nam a2200229Ii 4500
003 JO-AjNU
008 230605s9999||||xx |||||||||||||| ||und||
017 _a2004/10/2372
020 _a978-9957-07-423-7
040 _aJO-AjNU
_bara
_erda
_cJO-AjNU
041 _aara
050 1 4 _aBF713.M4412.2011
100 3 _aMiller,Patricia.H،الخفش ،سامح وديع ، سالم،محمود عوض الله ، الشحات،محمد مجدي ، عاشور،احمد حسن/ترجمة,
_eauthor
_942777
245 0 0 _aنظريات النمو = Theories of Developmental Psychology
250 _aط1
264 3 1 _aعمان:دار الفكر ناشرون وموزعون ،2011
300 _a528ص
336 _atext
_btxt
_2rdacontent
337 _aunmediated
_bn
_2rdamedia
338 _avolume
_bnc
_2rdacarrier
650 4 _aعلم نفس النمو-نظريات-اطفال-علم نفس
_942778
999 _aA18342
_c21910
_d21910